|
|
|
|
| LEADER |
00000nab a2200000 a 4500 |
| 001 |
vtls010706083 |
| 003 |
SK-MaSNL |
| 005 |
20260304194820.0 |
| 008 |
250709s2006 xo |||||||||||||||||slo| |
| 035 |
|
|
|a (urnnbn)urn:nbn:sk:snk:ar-a040w8
|
| 035 |
|
|
|a (uuid)1823bda5-962f-42d0-bfb9-c298147d303e
|
| 035 |
|
|
|a urn:nbn:sk:snk-ab3ahe
|
| 040 |
|
|
|a SNKBUCL
|b slo
|c SNKBUCL
|e AACR2
|
| 041 |
0 |
|
|a slo
|
| 044 |
|
|
|a xo
|c SK
|
| 100 |
1 |
|
|a Krištúfek, Peter,
|d 1945-2022
|4 aut
|9 115136
|
| 245 |
1 |
0 |
|a NOVÉ POZNATKY O KOMPLEXNEJ LIEČBE ASTMY
|c Peter Krištúfek
|
| 773 |
0 |
|
|t Lekárnické listy : odborno-informačný časopis Slovenskej lekárnickej komory
|g Roč. 8, č. 8 (2006), s. 30
|
| 850 |
|
|
|a Slovenská národná knižnica
|
| 852 |
|
|
|a Slovenská národná knižnica
|
| 954 |
|
|
|a odborná, vedecká literatúra pôvodná (slovenská)
|2 lita
|
| 958 |
|
|
|a article1
|
| 958 |
|
|
|a OND
|
| 958 |
|
|
|a EUIPO
|
| 999 |
|
|
|c 3076992
|d 3078922
|